000 00401nam a22001577a 4500
020 _a9788119443734
082 _aM301 07
_bANJ/P
100 _aAnjali A
245 _aPuthukavithayile pennsabdangal/
_cby Anjali A
260 _aKozhikode:
_bAtma books,
_c2023.
300 _a120p.
650 _aLliterature Malayalam study
650 _aLliterature Malayalam
650 _aLiterature
942 _cBK
999 _c182002
_d182002